| 000 | 02095nam0a2200397 4500 | ||
|---|---|---|---|
| 001 | RU\NLR\BIBL_A\021966422 | ||
| 005 | 20230801111559.0 | ||
| 010 |
_a978-5-85341-940-7 _9500 |
||
| 021 |
_aRU _bКН-П-23-032486 _9КН-П-23-3212 |
||
| 035 | _a(NLR Aleph) 021966422 | ||
| 035 | _a(RuMoRGB)011799107 | ||
| 090 |
_a12342108 _c12342108 |
||
| 100 | _a20230621d2022 km y0rusy50 ca | ||
| 101 | 0 | _arus | |
| 102 | _aRU | ||
| 105 | _ao|||z||||||z| | ||
| 181 | 1 |
_ai3 _baxxe |
|
| 182 | 1 | _an | |
| 200 | 1 |
_aСинтаксис художественной прозы Бориса Пастернака: лингвокогнитивный аспект _eмонография _fС. А. Соловьева _gЧереповецкий государственный университет, [Гуманитарный институт] |
|
| 203 |
_aТекст _bвизуальный _cнепосредственный |
||
| 210 |
_aЧереповец _cЧереповецкий государственный университет _d2022 (обл. 2023) |
||
| 215 |
_a232 с. _cил., табл. _d21 |
||
| 300 | _aНа 4-й с. обл. авт.: д-р филол. наук, проф. С. А. Соловьева | ||
| 320 | _aБиблиогр.: с. 206-226 | ||
| 604 |
_1700#1$aПастернак$bБ.Л.$gБорис Леонидович$f1890 - 1960 _15010#$aПроза$xЯзык и стиль$2nlr_sh1$2nlr_sh2$3RU\NLR\AUTH\661271937 |
||
| 606 | 1 |
_aРусский язык _xСинтаксис _2nlr_sh1 _2nlr_sh2 _3RU\NLR\AUTH\66969161 |
|
| 606 | 1 |
_aРусский язык _xСтилистика _2nlr_sh1 _2nlr_sh2 _3RU\NLR\AUTH\66984157 |
|
| 686 | 1 | _aШ5(2=Р)7-4Пастернак | |
| 686 | 1 | _aШ141.12-71Пасиернак | |
| 686 | 1 | _aШ141.12-22 | |
| 700 | 1 |
_aСоловьева _bС. А. _cканд. филол. наук _gСветлана Александровна _3RU\NLR\AUTH\7748949 |
|
| 702 | 1 |
_aПастернак _bБ. Л. _f1890-1960 _gБорис Леонидович _3RU\NLR\AUTH\7737 _4570 |
|
| 942 | _cBOOK | ||
| 980 | _aNB | ||